000 00670nam a22002417a 4500
003 UA-OsUOA
001 66995
007 ta
008 20100209b un ||||| |||| 00| 0 ukr d
100 _aЗагірня М.
090 _a821.161.2
_bЗ-14
942 _cBK
040 _aUA-OsUOA
_bukr
_cUA-OsUOA
_dUA-OsUOA
245 _aГетьман Петро Сагайдачний
_bІсторичне оповідання
300 _a95 с.
955 _a2
041 _aukr
080 _a821.161.2
020 _a5-308-01401-9
260 _aК.
_bДніпро
_c1991
650 7 _a82 Література. Літературознавство
_2UDC
999 _c352960
_d352960